Carpathian castle / (Record no. 130784)

MARC details
000 -LEADER
fixed length control field 00605nam a22002297a 4500
005 - DATE AND TIME OF LATEST TRANSACTION
control field 20170124110116.0
010 ## - LIBRARY OF CONGRESS CONTROL NUMBER
LC control number 427507
020 ## - INTERNATIONAL STANDARD BOOK NUMBER
Terms of availability 00.00
035 ## - SYSTEM CONTROL NUMBER
System control number 427507
037 ## - SOURCE OF ACQUISITION
Source of stock number/acquisition Cen Lib/Ret
040 ## - CATALOGING SOURCE
Original cataloging agency DPL
Language of cataloging EN
082 ## - DEWEY DECIMAL CLASSIFICATION NUMBER
Classification number S
Item number VER
100 ## - MAIN ENTRY--PERSONAL NAME
Personal name Verne, Jules
9 (RLIN) 26962
245 ## - TITLE STATEMENT
Title Carpathian castle /
Statement of responsibility, etc by Jules Verne; edited by I.O. Evans
260 ## - PUBLICATION, DISTRIBUTION, ETC. (IMPRINT)
Name of publisher, distributor, etc Arco publications
Place of publication, distribution, etc London
Date of publication, distribution, etc 1963
270 ## - ADDRESS
City London
300 ## - PHYSICAL DESCRIPTION
Extent 189p.
Dimensions 20cm(Hb)
650 ## - SUBJECT ADDED ENTRY--TOPICAL TERM
Topical term or geographic name as entry element English literature
9 (RLIN) 30095
650 ## - SUBJECT ADDED ENTRY--TOPICAL TERM
Topical term or geographic name as entry element English short stories
9 (RLIN) 28414
700 ## - ADDED ENTRY--PERSONAL NAME
9 (RLIN) 30004
Personal name Evans, I.O.
942 ## - ADDED ENTRY ELEMENTS (KOHA)
Source of classification or shelving scheme Dewey Decimal Classification
Koha item type English Books
Classification part S
Call number suffix VER
Holdings
Withdrawn status Lost status Damaged status Not for loan Home library Current library Date acquired Source of acquisition Cost, normal purchase price Total Checkouts Full call number Barcode Date last seen Copy number Cost, replacement price Price effective from Koha item type Public note
Written off       Central Library Central Library 10/07/2015 Cen Lib/Ret 0.00   S VER 427507 10/07/2015 1 0.00 10/07/2015 English Books W/d List No. 6885/1 ; dtd 07/09/2020

© Delhi Public Library
Hit Counter
free hit counter